000 01394nam0a2200289 4500
001 RU\NLR\b_ik\126997
005 20260407113622.0
010 _a5-9274-0131-X
_91000
035 _a(NLR Aleph) 002200431
090 _a3033658
_c3033658
100 _a20050418d2003 |||y0rusy50 ca
101 1 _aeng
_crus
102 _aRU
105 _aab |||||||||
200 1 _aBiotic diversity of Karelia: conditions of formation, communities and species
_fRuss. acad. of sciences, Karelian research centre
_g[ed. board: Andrei N. Gromtsev, Dr. Sc. et al.
_gtransl. into English by Grigiri N. Sokolov]
210 _aPetrozavodsk
_cKarelian research centre, Russ. acad. of science
_d2003
215 _a241 с., [6] л. цв. ил., карт.
_cил., карт.
_d30
320 _aБиблиогр.: с. 205-241
541 0 _aРазнообразие биоты Карелии:условия формирования, сообщества, виды.
_zrus
606 1 _aЭкологические системы
_yКарелия, Республика
_92257818
_3RU\NLR\AUTH\661353962
686 4 _aЕ081.819(2Р31-6Кар)
702 1 _aGromcev
_bA. N.
_gAndrej Nikolaevič
_4340
712 0 2 _4570
_8eng
_aRussian academy of sciences
_bKarelian research centre
_7ba
_3RU\NLR\AUTH\8810065633
_9632863
801 0 _aRU
_bNLR
_c20050418
_gPSBO
942 _cBOOK
980 _aNB